Books I Read in High School - Statistics

General Stats
  • This quiz has been taken 25 times
  • The average score is 14 of 28
Answer Stats
Type Plot Answer % Correct
Play Romance blossoms between two Italian youths from feuding families The Tragedy of Romeo and Juliet
100%
Novel A group of prepubescent British boys are stranded on an uninhabited island and they disastrously attempt to govern themselves, eventually descending into savagery Lord of the Flies
95%
Novella A group of anthropomorphic animals rebel against their human farmer, hoping to create a society where the animals can be equal, free, and happy Animal Farm: A Fairy Story
90%
Novel A young Southern girl's father, who is a lawyer, represents a Black man accused of rape due to his race in court during the Great Depression To Kill a Mockingbird
86%
Novel A fireman becomes disillusioned with his role of censoring literature and destroying knowledge, eventually quitting his job and committing himself to the preservation of literary and cultural writings Fahrenheit 451
81%
Play An orphan girl escapes her abusive orphanage and wins the heart of a billionaire during the Great Depression Annie
71%
Play A brave Scottish general receives a prophecy from a trio of witches that one day he will become King of Scotland; consumed by ambition and spurred to violence by his wife, he then murders the king and takes the Scottish throne for himself The Tragedy of Macbeth
71%
Play A dramatized and partially fictionalized story of the Salem witch trials that took place in the Province of Massachusetts Bay from 1692 to 1693 The Crucible
67%
Novel A Yale University alumnus and World War I veteran recounts his interactions with a mysterious millionaire who has an obsession to reunite with his former lover during the Jazz Age on Long Island The Great Gatsby
67%
Novella A salesman wakes to find himself inexplicably transformed into a "monstrous vermin" and struggles to adjust to this condition, as does his family The Metamorphosis
67%
Novel A diligent mid-level worker, who secretly hates the ruling party and dreams of rebellion, begins an illegal relationship with a female colleague and they learn about a shadowy resistance group Nineteen Eighty-Four
62%
Novella Two displaced migrant ranch workers move from place to place in California while searching for jobs during the Great Depression Of Mice and Men
62%
Novel A woman is forcibly assigned to produce children for the ruling class in a patriarchal, totalitarian theonomic state in New England The Handmaid's Tale
62%
Narrative poem A hero of the Geats comes to the aid of the king of the Danes, whose mead hall has been under attack by a monster for twelve years Beowulf
57%
Play A story set in 1940s Brooklyn that is told through a montage of memories, dreams, and arguments of a travelling salesman who is despondent with his life and appears to be slipping into senility Death of a Salesman
57%
Novella A Victorian scientist travels to the year 802,701 The Time Machine
57%
Novel A wealthy, narcissistic, and vain Manhattan investment banker lives a double life as a serial killer American Psycho
52%
Novella A sailor tells his listeners the story of his assignment as steamer captain for a Belgian company in the African interior Heart of Darkness
38%
Play A Black family in south Chicago attempts to improve their financial circumstances with an insurance payout following the death of their father and faces housing discrimination, racism, and cultural assimilation A Raisin in the Sun
29%
Novel A series of vignettes tell the story of a 12-year-old Chicana girl growing up in the Hispanic quarter of Chicago over the span of one year in her life, as she enters adolescence and begins to face the realities of life as a young woman in a poor and patriarchal community The House on Mango Street
29%
Novella A parable about man’s purpose as well as greed, the defiance of societal norms, and evil through the perspective of a Mexican pearl diver The Pearl
29%
Novel An unnamed protagonist in Surrey and his younger brother escape to Tillingham in Essex as London and Southern England are invaded by extraterrestrials The War of the Worlds
29%
Play A married woman in 1870s Norway lacks reasonable opportunities for self-fulfillment in a male-dominated world A Doll's House
24%
Play After a new Theban ruler orders the public honoring of one of his nephews and the public shaming of another, their sister defies her uncle's rule and buries the body of the "traitor" Antigone
24%
Novel A Native American teenager who lives on the Spokane Indian Reservation decides to go to a nearly all-white public high school away from the reservation The Absolutely True Diary of a Part-Time Indian
10%
Novel A Black woman "[ripens] from a vibrant, but voiceless, teenage girl into a woman with her finger on the trigger of her own destiny" Their Eyes Were Watching God
10%
Novella A young Californian woman begins to embrace a conspiracy theory as she possibly unearths a centuries-old feud between two mail distribution companies The Crying of Lot 49
5%
Novel A collection of discourses by a religious profit on a wide variety of subjects, most of which end with a refrain that mirrors the title Thus Spoke Zarathustra: A Book for All and None
5%
No matching quizzes found
Score Distribution
Percent of People with Each Score
Percentile by Number Answered
Your Score History
You have not taken this quiz